| 000 | 00522nam a2200193Ia 4500 | ||
|---|---|---|---|
| 001 | 47757 | ||
| 008 | 140429s9999 xx 000 0 und d | ||
| 020 | _aNA | ||
| 040 | _cPK-LaUMT | ||
| 082 |
_aRHC 297.07 _bRAG-T |
||
| 100 | _aRaghib Tabbaakh | ||
| 245 |
_aTareekh afkaar-o-uloom-e-Islami (Urdu) _cRaghib Tabbaakh<>Iftikhar Ahmad Balkhi |
||
| 260 |
_aLahore,Pakistan: _bIslamic Publications, _c1968 |
||
| 300 | _a479 p. | ||
| 546 | _aUR | ||
| 650 | _aIslam-History | ||
| 700 | _aIftikhar Ahmad Balkhi | ||
| 942 | _cBK | ||
| 999 |
_c45646 _d45646 |
||